Tres años después: homenaje a Ignacio Martín-Baró /
Guardado en:
| Autor principal: | |
|---|---|
| Formato: | Texto |
| Etiquetas: |
Agregar Etiqueta
Sin Etiquetas, Sea el primero en etiquetar este registro!
|
MARC
| LEADER | 00000 a a2200000 04500 | ||
|---|---|---|---|
| 001 | 1487 | ||
| 003 | |||
| 040 | |a CRAI/IIS |c CRAI/IIS | ||
| 100 | |a Rodríguez kauth, Angel | ||
| 245 | |a Tres años después: |b homenaje a Ignacio Martín-Baró / |c Angel Rodríguez kauth | ||
| 773 | |g número 95; páginas 33 | ||
| 999 | |c 19646 |d 19646 | ||
